[Event "New York Marshall CC 04"]
[Site "New York"]
[Date "2025.04.20"]
[Round "4"]
[White "Yoon, Jeremy K"]
[Black "Price, Alan"]
[Result "0-1"]
[WhiteElo "1717"]
[BlackElo "1937"]
[PlyCount "84"]
[EventDate "2025.04.18"]
[EventType "swiss"]
[EventRounds "5"]
[EventCountry "USA"]
[SourceTitle "CB17_2025"]
[SourceDate "2025.04.23"]
[SourceVersion "1"]
[SourceVersionDate "2025.04.23"]
[SourceQuality "1"]

1. f4 d5 2. Nf3 Nf6 3. g3 e6 4. Bg2 Nbd7 5. 0-0 b6 6. b3 Bb7 7. Bb2 Be7 8. Ne5 Nxe5 9. fxe5 Nd7 10. e3 0-0 11. Qg4 c5 12. d4 Bg5 13. Qf3 f6 14. Bh3 Qe7 15. exf6 Nxf6 16. Qe2 Ne4 17. Nc3 Nd6 18. Rae1 Nf5 19. Nd1 g6 20. Bg2 Rae8 21. Qd3 Nd6 22. dxc5 bxc5 23. Qc3 e5 24. Qxc5 Rxf1+ 25. Rxf1 Ne4 26. Qxe7 Rxe7 27. Bxe4 dxe4 28. Kf2 Bc8 29. c4 Bg4 30. Nc3 Bf3 31. Nd5 Re8 32. h4 Bd8 33. Ke1 Kf7 34. Kd2 Ke6 35. Kc3 h5 36. Rf2 Rg8 37. Rd2 g5 38. Kb4 gxh4 39. gxh4 Bxh4 40. Nc7+ Kf5 41. Rd7 Be1+ 42. Kb5 Rg2 0-1